Quizzes
Events
Quiz Creation
Community
Videos
Private Events
Remove Ads
Sign In
Join for FREE
Feedback
Dark Mode
Quiz Categories
Sports
Geography
Music
Movies
Television
Just For Fun
Miscellaneous
History
Literature
Language
Science
Gaming
Entertainment
Religion
Holiday
For Kids
Quiz Lab
Recent
Popular Today
Quiz Kudos Today
Editor Picks
Curator Picks
Quizzes by...
Day
Popularity
Type
Ratings
Length
Year
Community
Subscriptions
Recent Discussions
Orange Saloon
Badges
Playlists
Quests
Create
Leaderboards
Showdown
Live 5
Trivia Bingo
Activity
Puzzle Library
Sporcle Events
Private Events
Virtual Trivia
Globe League
Become a Host
Pub Owners
SporcleCon
Opinionation
Our Games
Videos
Blog
Mobile Apps
Partnerships
Remove Ads and Go Orange
Feedback
Music
Pop Music
The Beatles
Song
Album
Lyrics
Bands
Singers
Artist
Clip
Rock
Rap
Classical
Billboard
Country Music
Kpop
Taylor Swift
Music
Pop Music
The Beatles
Song
Album
Lyrics
Bands
Singers
Artist
Clip
Rock
Rap
Classical
Billboard
Country Music
Kpop
Taylor Swift
Random Quiz
Search Sporcle
×
Quiz Lab
Quiz Lab
Music
Artist
Type in answers that appear in a list
Type in answers that appear in a list
Classic
Best Score? Go Orange.
VH-1's 40 Most Awesomely Bad Dirty Songs Stats
Can you name the VH-1's 40 Most Awesomely Bad Dirty Songs?
By
Erinlf
10m
40 Questions
200 Plays
200 Plays
200 Plays
Comments
Comments
Give Quiz Kudos
Give Quiz Kudos
-
- Ratings
hide this ad
Replay
Link that replays current quiz
Next Quiz
Link to next quiz in quiz playlist
You Got
0%
They Got
Avg Score
17%
Avg Friend Score
Upgrade to see
Score Distribution
Jump to the score distribution portion of the page
Score
0/40
Timer
10:00
0
Plays Today
Artist
Song
% Correct
Color Me Badd
I Wanna Sex You Up
57%
Olivia Newton-
John
Physical
54%
Divinyls
I Touch Myself
51%
Ginuwine
Pony
39%
Billy Squier
The Stroke
38%
B2K
Bump Bump Bump
36.5%
Ricky Martin
She Bangs
36%
Tag Team
Whoomp There It Is
27%
Rod Stewart
Do Ya Think I'm Sexy
24.5%
Samantha Fox
Touch Me
22%
Sheena Easton
Sugar Walls
21%
Billy Idol
Cradle of Love
20%
112
Peaches and Cream
19%
Michael Bolton
Can I Touch You There
18.5%
Bell Biv Devoe
Do Me
18%
Tweet ft. Fabulous
Oops Oh My
17.5%
Christina Milian
Dip It Low
16.5%
KISS
Lick It Up
16%
Khia
My Neck My Back
14.5%
Lil' Kim
How Many Licks
13.5%
Artist
Song
% Correct
Nickelback
Figured You Out
11.5%
Mousse T. vs. Tom Jones
Sex Bomb
10%
Montell Jordan
Let's Ride
10%
Methods of Mayhem
Get Naked
10%
KISS
Let's Put the X in Sex
9.5%
K7
Come Baby Come
9.5%
John Parr
Naughty Naughty
9%
S.W.V.
Downtown
8.5%
H-
Town
Knockin' Da Boots
8.5%
Ludacris
Splash Waterfalls
8%
The Band
Tonight
7.5%
Mya
My Love is Like Woah
6.5%
Jodeci
Freak N You
5%
R. Kelly
Honey Love
3.5%
Quad City DJs
C'Mon Ride That Train
2.5%
Vanity 6
Pretty Mess
2.5%
Akinyle
F*ck Me For Free
1.5%
Prince
Do Me Baby
1.5%
Rick James
She Blew My Mind (69 Times)
1%
Poison
I Want Action (Tonight)
1%
Quiz Playlist
Details
Report
Send in Message
Add To Playlist
Classic:
Type in answers that appear in a list
Last Updated: Feb 16, 2017
Quiz Scoreboard
CHALLENGE
Sign Up to Join the Scoreboard
Show All
Scores
Hide
Comments
May contain spoilers
Recently Published
Popular People in 1961
by mucciniale
History
6m
1-10 Letter E Words III
by El_Dandy
Language
2m
One Thing in Common: World Cities II
by knightlancer
Geography
7m
More to Explore
Quiz From the Vault
Featured Blog Post
Where Did the Easter Bunny Come From?
hide this ad
You Might Also Like...
Tags
Artist Quiz
Song Quiz
Dirty
VH1
Today's Top Quizzes in Music
Browse Music
hide this ad
Today's Top Quizzes in Artist
Browse Artist
Top Contributed Quizzes in Music
1
Taylor Swift All Songs (2024)
2
Taylor Swift Logic Puzzle
3
2010s Album by Cover III
4
Guess the Taylor Swift song (Mystery Song)
5
One Thing in Common: Music
6
Guess the Artist- 70s Songs
7
2010s Album by Cover IV
8
2010s Album by Cover V
9
Get the Picture: Carrie or Dolly
10
Lana Del Rey Discography (BTD to DYKTTATUOB)
Explore More
Trending Topics
Disney
Marvel
NBA
Kpop
Crossword
Harry Potter
Anime
WWE
Country
NFL
The Office
Pokémon
Puzzle
Song
Soccer
hide this ad
More By:
Erinlf
Quiz
Plays
Rating
Category
Featured
Created
Figure out the lyrics (Chitty Chitty Bang Bang)
412
5.00
Music
Feb 16, 2014
Hello Dolly Songs
407
3.50
Entertainment
Jun 26, 2011
Songs From A Chorus Line
313
3.25
Entertainment
Jun 26, 2011
VH-1's 40 Most Awesomely Bad Dirty Songs
200
3.00
Music
Jun 6, 2011
Guess the Cole Porter Song
149
4.67
Entertainment
Jun 20, 2011
Go to Creator's Profile
Score Distribution
Quiz Creator Spotlight
Erinlf
Follow
Send a Message
Quizzes Created
-
Created Quiz Play Count
-
More By This Creator
Popular Quizzes Today
1
Find the US States - No Outlines Minefield
2
The Countries of the World
3
Popular People in 1961
4
Find the Countries of Europe - No Outlines Minefield
5
1-10 Letter E Words III
6
Find the US States
7
One Thing in Common: World Cities II
8
US States
More Music Quizzes
Pumpkins / Spice
Editor's Pick
Trending Quizzes
1-10 Letter F Words
One Thing in Common: Music
1-10 Letter G Words
Risky Map Clicking: Next State Alphabetically
1-10 Letter F Words II
Recently Updated
Leaping Animals
pecheneg
Reality TV Shows (A-Z)
bhenderson79
Rickey Henderson's Hall of Fame Teammates
pecheneg
Champions League XIs: Arsenal
pecheneg
Quick Pick: Celebrities in WWE's Hall of Fame
aduchscher
A-Z Keypad Blitz II
pecheneg
Multiple Oscar Actors
pecheneg
Mystery Phrase Blitz: Oscar 'Best Actors'
pecheneg
F. Scott Fitzgerald Novels
LTH
Pick 3 Villains
ddd62291
Trending Topics
Crossword
Disney
Harry Potter
Anime
Kpop
NBA
Marvel
Puzzle
The Office
Country
Song
Pokémon
NFL
Soccer
WWE
Your Account Isn't Verified!
In order to create a playlist on Sporcle, you need to verify the email address you used during registration. Go to your
Sporcle Settings
to finish the process.
Report this User
Report this user for behavior that violates our
Community Guidelines
.
Details:
Send Report
Go to the Sporcle.com Mobile Site →
Comments